Genetics in Practice. A clinical approach for healthcare practitioners
Sparad:
| Huvudupphovsman: | |
|---|---|
| Materialtyp: | Bok |
| Språk: | engelska |
| Publicerad: |
West Sussex, England:
John Wiley & Sons, Ltd,
2007
|
| Ämnen: | |
| Taggar: |
Lägg till en tagg
Inga taggar, Lägg till första taggen!
|
MARC
| LEADER | 00000nam a22000007a 4500 | ||
|---|---|---|---|
| 003 | CL-VaPUC | ||
| 005 | 20240821084008.0 | ||
| 008 | 220512b2007 ||||| |||| 00| 0 eng d | ||
| 999 | |c 435598 |d 435596 | ||
| 020 | |a 978-1-86156-464-1 | ||
| 040 | |c Pontificia Universidad Católica de Valparaíso | ||
| 082 | 7 | |2 22 |a 616.042 HAY 2007 | |
| 100 | 1 | |a Haydon, Jo |e author |9 869114 | |
| 245 | |a Genetics in Practice. |b A clinical approach for healthcare practitioners | ||
| 260 | |a West Sussex, England: |b John Wiley & Sons, Ltd, |c 2007 | ||
| 300 | |a 276 páginas | ||
| 500 | |a c1. Donación Biblioteca Curauma. Recibido en GC 19/4/22 | ||
| 583 | |c 20220512 |k Catalogador Asistente | ||
| 650 | 0 | |a Genética médica |9 269840 | |
| 650 | |a Trastornos genéticos |x Diagnósticos |9 870527 | ||
| 650 | |a Enfermería |9 358289 | ||
| 942 | |2 ddc |c BK | ||
| 952 | |0 0 |1 0 |2 ddc |4 0 |6 616_042000000000000_HAY_2007 |7 0 |8 A |9 583041 |a BIBCUR |b BIBCUR |c GEN |d 2022-05-12 |e Donación |i 5651201 |o 616.042 HAY 2007 |p 5651201 |r 2025-04-22 |t 1 |w 2022-05-12 |y BK |k BIO | ||